000 00285nam a2200121Ia 4500
008 190216s9999||||xx |||||||||||||| ||und||
100 _aWilliam Hazlitt
245 0 _aEssays
260 _bUniversity Tutorial Prss Ltd
_c1967
300 _a278
650 _aEnglish Stories
942 _cBK
999 _c13541
_d13541